LEADER 01147nam a2200253 u 4500 001 000000017972 003 CaOOAMICUS 005 20070226110624.0 008 941206s1972 it u000 u ita u 035 $a10418768 040 $aPUL(R)$bita$dIAR 100 1 $aLenoci, Michele.$0(OLS)http://pul/name/16097 245 13$aLa teoria della conoscenza in Alexius Meinong :$boggetto, giudizio, assunzioni /$cMichele Lenoci. 260 $aMilano :$bVita e pensiero,$c1972. 300 $axi, 373 p. ;$c22 cm 490 1 $aScienze filosofiche (Vita e Pensiero) ;$v4. 600 14$aMeinong, Alexius,$d1853-1920.$0(OLS)http://pul/subject/12576 830 0$aScienze filosofiche (Vita e Pensiero) ;$v4.$0(OLS)http://pul/title/10922 850 $aPUL 852 $aPUL$W1$xSL Filosofia 2$y80$mPhil A13 4$j25305$nBK-PRI$b $qStampati altre collocazioni$B25305$CPULBib$Z2$F25305 $H $81 941 1 $a10 961 $aINV: 37747 996 $6245$aLa teoria della conoscenza in Alexius Meinong :$boggetto, giudizio, assunzioni$9(OLS)http://pul/title/25693 996 $6260$aMilano :$bVita e pensiero$9(OLS)http://pul/publisher/48016 LEADER 01420namaa2200313 i 4500 001 000000178116 003 CaOOAMICUS 005 20251007112353.0 007 tu 008 251007s it 000 u ita r 040 $aPUL$bita$erda 082 0 $a253 100 1 $aAngioni, Giuseppe Antonio,$csacerdote,$d1910-1991,$eautore.$0(OLS)http://pul/name/38851 245 13$aLa direzione spirituale nella età evolutiva :$bper gli educatori e i pastori di anime /$cAntonio Angioni. 264 1$aRoma :$bGioventù Femminile di Azione Cattolica,$c[1964]$eTipografia Poliglotta Vaticana 300 $a431 pagine $c22 cm 336 $atesto$btxt$2rdacontent 337 $asenza mediazione$bn$2rdamedia 338 $avolume$bnc$2rdacarrier 504 $aBibliografia in nota a piè pagina. 650 4$aGiovani ed educazione religiosa.$0(OLS)http://pul/subject/28132 650 4$aPastorale giovanile.$0(OLS)http://pul/subject/41855 850 $aPUL 852 $aPUL$W1$xDP1 Fondo Liberati$y125$m2 E 4$j131071$qFondi$B207131$CPULBib$Z2$F207131 $HLib209 $82 941 1 $a1 996 $6082$a253$9(OLS)http://pul/classification/487 996 $6245$aLa direzione spirituale nella età evolutiva :$bper gli educatori e i pastori di anime$9(OLS)http://pul/title/219676 996 $6264$aRoma :$bGioventù Femminile di Azione Cattolica$9(OLS)http://pul/publisher/68892